[Event "Sokolka op 4th"]
[Site "Sokolka"]
[Date "2013.??.??"]
[Round "8"]
[White "Jankowski, Leonard"]
[Black "Szydlowski, Wiktor"]
[Result "0-1"]
[WhiteElo "1605"]
[BlackElo "1801"]
[PlyCount "42"]
[EventDate "2013.07.??"]
[EventType "swiss"]
[EventRounds "9"]
[EventCountry "POL"]
[SourceTitle "EXT 2015"]
[Source "ChessBase"]
[SourceDate "2014.11.20"]
[SourceVersion "1"]
[SourceVersionDate "2014.11.20"]
[SourceQuality "1"]

1. Nf3 d5 2. d4 Nf6 3. e3 Bf5 4. c4 e6 5. Nc3 Nc6 6. Qa4 Nd7 7. c5 a6 8. a3 Be7 9. Be2 0-0 10. Bd2 Re8 11. h3 Bf8 12. g3 e5 13. Nh4 exd4 14. Nxf5 Nxc5 15. Qc2 dxc3 16. Bxc3 Ne4 17. Bd3 Nxc3 18. bxc3 g6 19. Nd4 Ne5 20. Qe2 c5 21. f4 Nxd3+ 0-1